000 00409nam a2200169 i 4500
001 bg
100 1 _aWHITEMAN, I. R.
245 0 _aA bibliography for finite elements /
_cI.R. Whiteman.
260 _aLondon :
_bAcademic Press,
_c1975.
020 _a0127472606
040 _cBPK
041 _apol
080 _a624
920 _a0-12-747260-6
942 _cKS
008 s pl f |000 0 pol
999 _c18172
_d18172
856 _uhttp://koha.tu.koszalin.pl/cgi-bin/koha/opac-detail.pl?biblionumber=18172
_yKatalog online BPK